Observation and control for operator semigroups / (Record no. 1235990)
[ view plain ]
| 000 -LEADER | |
|---|---|
| fixed length control field | 01258cam a22002897a 4500 |
| 001 - CONTROL NUMBER | |
| control field | 15518978 |
| 003 - CONTROL NUMBER IDENTIFIER | |
| control field | OSt |
| 005 - DATE AND TIME OF LATEST TRANSACTION | |
| control field | 20250109153143.0 |
| 008 - FIXED-LENGTH DATA ELEMENTS--GENERAL INFORMATION | |
| fixed length control field | 081112s2009 sz a b 001 0 eng d |
| 020 ## - INTERNATIONAL STANDARD BOOK NUMBER | |
| International Standard Book Number | 9783764389932 |
| 040 ## - CATALOGING SOURCE | |
| Original cataloging agency | SDCL |
| Language of cataloging | eng |
| Transcribing agency | SDCL |
| 082 04 - DEWEY DECIMAL CLASSIFICATION NUMBER | |
| Classification number | B313N P9 |
| 100 1# - MAIN ENTRY--PERSONAL NAME | |
| Personal name | Tucsnak, Marius. |
| 9 (RLIN) | 730550 |
| 245 10 - TITLE STATEMENT | |
| Title | Observation and control for operator semigroups / |
| Statement of responsibility, etc. | Marius Tucsnak, George Weiss. |
| 260 ## - PUBLICATION, DISTRIBUTION, ETC. | |
| Place of publication, distribution, etc. | Basel ; |
| -- | Boston : |
| Name of publisher, distributor, etc. | Birkhäuser, |
| Date of publication, distribution, etc. | c2009. |
| 300 ## - PHYSICAL DESCRIPTION | |
| Extent | xi, 483 p. : |
| 490 0# - SERIES STATEMENT | |
| Series statement | Birkhäuser advanced texts |
| 504 ## - BIBLIOGRAPHY, ETC. NOTE | |
| Bibliography, etc. note | Includes bibliographical references (p. 459-474) and index. |
| 650 #0 - SUBJECT ADDED ENTRY--TOPICAL TERM | |
| Topical term or geographic name entry element | Linear operators. |
| 9 (RLIN) | 730551 |
| 650 #0 - SUBJECT ADDED ENTRY--TOPICAL TERM | |
| Topical term or geographic name entry element | Semigroups of operators. |
| 9 (RLIN) | 730552 |
| 650 #4 - SUBJECT ADDED ENTRY--TOPICAL TERM | |
| Topical term or geographic name entry element | Operatorhalbgruppe |
| General subdivision | Unendlichdimensionales System. |
| 9 (RLIN) | 730553 |
| 650 #7 - SUBJECT ADDED ENTRY--TOPICAL TERM | |
| Topical term or geographic name entry element | Operatorhalbgruppe |
| General subdivision | Unendlichdimensionales System. |
| Source of heading or term | swd |
| 9 (RLIN) | 730553 |
| 650 #7 - SUBJECT ADDED ENTRY--TOPICAL TERM | |
| Topical term or geographic name entry element | Unendlichdimensionales System |
| General subdivision | Operatorhalbgruppe. |
| Source of heading or term | swd |
| 9 (RLIN) | 730554 |
| 856 41 - ELECTRONIC LOCATION AND ACCESS | |
| Materials specified | Table of contents |
| Uniform Resource Identifier | <a href="http://bvbr.bib-bvb.de:8991/F?func=service&doc_library=BVB01&doc_number=017721512&line_number=0001&func_code=DB_RECORDS&service_type=MEDIA">http://bvbr.bib-bvb.de:8991/F?func=service&doc_library=BVB01&doc_number=017721512&line_number=0001&func_code=DB_RECORDS&service_type=MEDIA</a> |
| 856 42 - ELECTRONIC LOCATION AND ACCESS | |
| Materials specified | Publisher description |
| Uniform Resource Identifier | <a href="http://www.loc.gov/catdir/enhancements/fy1109/2008941510-d.html">http://www.loc.gov/catdir/enhancements/fy1109/2008941510-d.html</a> |
| 942 ## - ADDED ENTRY ELEMENTS (KOHA) | |
| Source of classification or shelving scheme | Colon Classification (CC) |
| Koha item type | Textual |
| Classification part | B313N P9 |
| Suppress in OPAC | No |
| Withdrawn status | Lost status | Source of classification or shelving scheme | Damaged status | Not for loan | Home library | Current library | Date acquired | Total Checkouts | Full call number | Barcode | Date last seen | Price effective from | Koha item type |
|---|---|---|---|---|---|---|---|---|---|---|---|---|---|
| Colon Classification (CC) | South Campus Library | South Campus Library | 2025-01-09 | B313N P9 | SC1439413 | 2025-01-09 | 2025-01-09 | Textual |
